Labor law journal

Detalles Bibliográficos
Autores Corporativos: CCH Incorporated, Commerce Clearing House
Formato: Desconocido
Lenguaje:inglés
Publicado: Chicago : Commerce Clearing House,
Materias:
Acceso en línea:Acceso restringido

MARC

LEADER 00000ny a22000003n 4500
003 EbpS
005 20110512140852.0
006 m d ||||||
007 cr anunnnuuuaa
008 060206s us 000 eng d
022 |a 0023-6586 
035 |a 4035 
040 |d vLex 
050 0 0 |a K12  |b .A2 
050 0 0 |a K12  |b .A2 
090 |c 1798  |d 1798 
245 0 0 |a Labor law journal  |h [Recurso electrn̤ico] 
246 3 |a CCH labor law journal 
256 |a Servicio en ln̕ea 
260 |a Chicago :  |b Commerce Clearing House, 
310 |a Trimestral 
500 |a Title from cover 
506 1 |a Contenido solo disponible en los productos indicados  |d vLex Global  |d vLex Global (Academic Edition, excluding Law Schools)  |d vLex Global (U.S. Academic Edition, excluding Law Schools) 
550 |a Published by: Commerce Clearing House, 1949-Mar. 1994; CCH Incorporated, Apr. 1994- 
650 0 4 |a Normas de trabajo  |x Publicaciones perid̤icas 
710 2 |a CCH Incorporated 
710 2 |a Commerce Clearing House 
740 |a vLex Revista (Servicios en ln̕ea) 
843 |a Electrn̤ica. Abierta 
853 |8 1  |i (year)  |j (month)  |k (day) 
856 4 0 |u http://vlex.com/source/4035  |z Acceso restringido 
942 |c REV 
999 0 |a Labor laws and legislation  |z United States  |v Periodicals